[Event "DVM U14 2023"]
[Site "Magdeburg GER"]
[Date "2023.12.28"]
[Round "3"]
[White "Fischer, Lorenz"]
[Black "Meng, Yuxuan"]
[Result "0-1"]
[Termination "normal"]
[Board "10.1"]
[WhiteElo "1630"]
[BlackElo "1749"]
[WhiteClock "00:41:06"]
[BlackClock "00:11:43"]
[WhiteTeam "SF Tegernheim"]
[BlackTeam "SC Viernheim 1934"]
[PlyCount "66"]
[WhiteFideId "16296710"]
[BlackFideId "16258231"]
[EventCountry "GER"]
[EventRounds "7"]
[EventType "team-swiss"]
[EventDate "2023.12.26"]

1. d4 {[%clk 01:30:56]} {[%emt 00:00:03]} d5 {[%clk 01:30:52]} {[%emt
00:00:08]} 2. Nf3 {[%clk 01:31:22]} {[%emt 00:00:04]} Nf6 {[%clk 01:31:16]}
{[%emt 00:00:06]} 3. e3 {[%clk 01:31:48]} {[%emt 00:00:04]} e6 {[%clk
01:30:24]} {[%emt 00:01:22]} 4. Bd3 {[%clk 01:32:10]} {[%emt 00:00:09]} c5
{[%clk 01:28:14]} {[%emt 00:02:40]} 5. b3 {[%clk 01:32:24]} {[%emt 00:00:16]}
Be7 {[%clk 01:15:35]} {[%emt 00:13:08]} 6. O-O {[%clk 01:31:59]} {[%emt
00:00:55]} O-O {[%clk 01:15:57]} {[%emt 00:00:08]} 7. Nbd2 {[%clk 01:32:22]}
{[%emt 00:00:07]} Nbd7 {[%clk 01:13:47]} {[%emt 00:02:39]} 8. Bb2 {[%clk
01:32:18]} {[%emt 00:00:33]} b6 {[%clk 01:12:20]} {[%emt 00:01:58]} 9. Ne5
{[%clk 01:32:13]} {[%emt 00:00:35]} Bb7 {[%clk 01:02:49]} {[%emt 00:10:01]} 10.
f4 {[%clk 01:30:12]} {[%emt 00:02:32]} Ne4 {[%clk 00:56:10]} {[%emt 00:07:09]}
11. Nxe4 {[%clk 01:28:41]} {[%emt 00:02:01]} dxe4 {[%clk 00:56:26]} {[%emt
00:00:14]} 12. Bc4 {[%clk 01:28:03]} {[%emt 00:01:08]} Rc8 {[%clk 00:50:36]}
{[%emt 00:06:17]} 13. f5 {[%clk 01:18:11]} {[%emt 00:10:25]} exf5 {[%clk
00:35:50]} {[%emt 00:15:15]} 14. Nxf7 {[%clk 01:04:25]} {[%emt 00:14:17]} Rxf7
{[%clk 00:31:45]} {[%emt 00:04:36]} 15. Qh5 {[%clk 01:00:28]} {[%emt 00:04:27]}
Qe8 {[%clk 00:27:59]} {[%emt 00:04:12]} 16. Qxf5 {[%clk 00:52:39]} {[%emt
00:08:23]} Nf6 {[%clk 00:17:34]} {[%emt 00:10:54]} 17. g4 {[%clk 00:51:12]}
{[%emt 00:01:57]} Rd8 {[%clk 00:16:54]} {[%emt 00:01:09]} 18. Bxf7+ {[%clk
00:50:14]} {[%emt 00:01:28]} Qxf7 {[%clk 00:16:55]} {[%emt 00:00:29]} 19. g5
{[%clk 00:49:54]} {[%emt 00:00:49]} Rd5 {[%clk 00:16:57]} {[%emt 00:00:29]} 20.
Qf4 {[%clk 00:46:39]} {[%emt 00:03:46]} Bd6 {[%clk 00:17:03]} {[%emt 00:00:23]}
21. Qh4 {[%clk 00:46:19]} {[%emt 00:00:50]} Qg6 {[%clk 00:16:16]} {[%emt
00:01:15]} 22. Kf2 {[%clk 00:40:24]} {[%emt 00:06:27]} Rxg5 {[%clk 00:15:11]}
{[%emt 00:01:35]} 23. Rg1 {[%clk 00:39:59]} {[%emt 00:00:56]} Qf5+ {[%clk
00:13:54]} {[%emt 00:01:50]} 24. Ke2 {[%clk 00:40:03]} {[%emt 00:00:23]} Qf3+
{[%clk 00:12:46]} {[%emt 00:01:36]} 25. Kd2 {[%clk 00:40:22]} {[%emt 00:00:13]}
Rg2+ {[%clk 00:11:45]} {[%emt 00:01:30]} 26. Rxg2 {[%clk 00:40:37]} {[%emt
00:00:15]} Qxg2+ {[%clk 00:12:11]} {[%emt 00:00:04]} 27. Ke1 {[%clk 00:40:40]}
{[%emt 00:00:27]} Bxh2 {[%clk 00:11:34]} {[%emt 00:01:07]} 28. Kd1 {[%clk
00:40:00]} {[%emt 00:01:10]} Bg3 {[%clk 00:11:05]} {[%emt 00:00:59]} 29. Qg5
{[%clk 00:39:50]} {[%emt 00:00:40]} Qf1+ {[%clk 00:11:28]} {[%emt 00:00:06]}
30. Kd2 {[%clk 00:40:07]} {[%emt 00:00:14]} Qf2+ {[%clk 00:11:47]} {[%emt
00:00:11]} 31. Kc3 {[%clk 00:40:25]} {[%emt 00:00:12]} Qe1+ {[%clk 00:10:59]}
{[%emt 00:01:18]} 32. Rxe1 {[%clk 00:40:39]} {[%emt 00:00:16]} Bxe1+ {[%clk
00:11:21]} {[%emt 00:00:08]} 33. Kc4 {[%clk 00:41:06]} {[%emt 00:00:04]} Ba6#
{[%clk 00:11:43]} {[%emt 00:00:07]} 0-1

[Event "DVM U14 2023"]
[Site "Magdeburg GER"]
[Date "2023.12.28"]
[Round "3"]
[White "Kalinski, Jan"]
[Black "Wittmann, Felix"]
[Result "1-0"]
[Termination "normal"]
[Board "10.2"]
[WhiteElo "1507"]
[BlackElo "1497"]
[WhiteClock "00:56:58"]
[BlackClock "00:32:40"]
[WhiteTeam "SC Viernheim 1934"]
[BlackTeam "SF Tegernheim"]
[PlyCount "139"]
[WhiteFideId "34660615"]
[BlackFideId "34650784"]
[EventCountry "GER"]
[EventRounds "7"]
[EventType "team-swiss"]
[EventDate "2023.12.26"]

1. c4 {[%clk 01:30:58]} {[%emt 00:00:02]} e5 {[%clk 01:30:50]} {[%emt
00:00:11]} 2. Nc3 {[%clk 01:31:20]} {[%emt 00:00:07]} Bb4 {[%clk 01:31:10]}
{[%emt 00:00:11]} 3. Nd5 {[%clk 01:31:35]} {[%emt 00:00:15]} Ba5 {[%clk
01:30:58]} {[%emt 00:00:41]} 4. b4 {[%clk 01:29:35]} {[%emt 00:02:30]} c6
{[%clk 01:31:22]} {[%emt 00:00:06]} 5. bxa5 {[%clk 01:29:49]} {[%emt 00:00:16]}
cxd5 {[%clk 01:31:46]} {[%emt 00:00:06]} 6. cxd5 {[%clk 01:30:06]} {[%emt
00:00:12]} Nf6 {[%clk 01:32:10]} {[%emt 00:00:07]} 7. Bb2 {[%clk 01:25:41]}
{[%emt 00:04:56]} d6 {[%clk 01:30:45]} {[%emt 00:01:54]} 8. e4 {[%clk
01:16:50]} {[%emt 00:09:20]} Qxa5 {[%clk 01:29:07]} {[%emt 00:02:08]} 9. f3
{[%clk 01:16:48]} {[%emt 00:00:32]} Nbd7 {[%clk 01:22:36]} {[%emt 00:07:02]}
10. Bc3 {[%clk 01:15:20]} {[%emt 00:01:58]} Qd8 {[%clk 01:13:49]} {[%emt
00:09:16]} 11. Bc4 {[%clk 01:14:44]} {[%emt 00:01:06]} b6 {[%clk 01:00:07]}
{[%emt 00:14:12]} 12. Ne2 {[%clk 01:14:26]} {[%emt 00:00:48]} Bb7 {[%clk
00:59:18]} {[%emt 00:01:20]} 13. O-O {[%clk 01:14:19]} {[%emt 00:00:36]} O-O
{[%clk 00:59:22]} {[%emt 00:00:26]} 14. Rc1 {[%clk 01:14:34]} {[%emt 00:00:15]}
Rc8 {[%clk 00:58:31]} {[%emt 00:01:22]} 15. Bb3 {[%clk 01:14:52]} {[%emt
00:00:12]} Nc5 {[%clk 00:58:23]} {[%emt 00:00:38]} 16. d4 {[%clk 01:14:30]}
{[%emt 00:00:51]} Nxb3 {[%clk 00:57:20]} {[%emt 00:01:33]} 17. Qxb3 {[%clk
01:14:53]} {[%emt 00:00:07]} Ba6 {[%clk 00:56:49]} {[%emt 00:01:02]} 18. Rfe1
{[%clk 01:13:50]} {[%emt 00:01:33]} Bxe2 {[%clk 00:57:03]} {[%emt 00:00:15]}
19. Rxe2 {[%clk 01:14:09]} {[%emt 00:00:12]} exd4 {[%clk 00:57:08]} {[%emt
00:00:25]} 20. Bb2 {[%clk 01:14:30]} {[%emt 00:00:08]} Rxc1+ {[%clk 00:57:30]}
{[%emt 00:00:08]} 21. Bxc1 {[%clk 01:14:55]} {[%emt 00:00:06]} Nd7 {[%clk
00:53:39]} {[%emt 00:04:21]} 22. Qa4 {[%clk 01:14:17]} {[%emt 00:01:07]} d3
{[%clk 00:49:58]} {[%emt 00:04:11]} 23. Rd2 {[%clk 01:14:26]} {[%emt 00:00:21]}
Nc5 {[%clk 00:50:23]} {[%emt 00:00:05]} 24. Qxa7 {[%clk 01:10:31]} {[%emt
00:04:26]} Qb8 {[%clk 00:50:14]} {[%emt 00:00:37]} 25. Qxb8 {[%clk 01:10:00]}
{[%emt 00:01:02]} Rxb8 {[%clk 00:49:02]} {[%emt 00:01:43]} 26. Ba3 {[%clk
01:10:21]} {[%emt 00:00:09]} Ra8 {[%clk 00:49:19]} {[%emt 00:00:12]} 27. Bxc5
{[%clk 01:10:46]} {[%emt 00:00:05]} bxc5 {[%clk 00:49:44]} {[%emt 00:00:06]}
28. Kf2 {[%clk 01:11:07]} {[%emt 00:00:08]} f6 {[%clk 00:48:26]} {[%emt
00:01:48]} 29. Ke3 {[%clk 01:11:10]} {[%emt 00:00:27]} c4 {[%clk 00:48:48]}
{[%emt 00:00:09]} 30. Kd4 {[%clk 01:10:11]} {[%emt 00:01:29]} Rc8 {[%clk
00:49:07]} {[%emt 00:00:11]} 31. Kc3 {[%clk 01:10:22]} {[%emt 00:00:19]} Kf7
{[%clk 00:48:12]} {[%emt 00:01:25]} 32. Rb2 {[%clk 01:10:41]} {[%emt 00:00:11]}
Kg6 {[%clk 00:45:36]} {[%emt 00:03:06]} 33. a4 {[%clk 01:09:11]} {[%emt
00:02:00]} f5 {[%clk 00:43:03]} {[%emt 00:03:04]} 34. a5 {[%clk 01:08:43]}
{[%emt 00:00:58]} fxe4 {[%clk 00:43:07]} {[%emt 00:00:25]} 35. fxe4 {[%clk
01:09:06]} {[%emt 00:00:08]} Kf6 {[%clk 00:42:51]} {[%emt 00:00:46]} 36. Kd4
{[%clk 01:04:34]} {[%emt 00:05:00]} c3 {[%clk 00:41:31]} {[%emt 00:01:52]} 37.
Rf2+ {[%clk 01:04:49]} {[%emt 00:00:15]} Ke7 {[%clk 00:39:31]} {[%emt
00:02:29]} 38. Kxd3 {[%clk 01:05:11]} {[%emt 00:00:08]} Rc5 {[%clk 00:39:25]}
{[%emt 00:00:35]} 39. Ra2 {[%clk 01:02:51]} {[%emt 00:02:50]} c2 {[%clk
00:39:22]} {[%emt 00:00:33]} 40. Rxc2 {[%clk 01:03:03]} {[%emt 00:00:18]} Rxa5
{[%clk 00:39:49]} {[%emt 00:00:04]} 41. Rc7+ {[%clk 01:01:37]} {[%emt
00:01:56]} Kf6 {[%clk 00:40:09]} {[%emt 00:00:10]} 42. Rd7 {[%clk 01:01:23]}
{[%emt 00:00:44]} Ke5 {[%clk 00:40:18]} {[%emt 00:00:21]} 43. Re7+ {[%clk
00:59:54]} {[%emt 00:02:00]} Kf6 {[%clk 00:40:25]} {[%emt 00:00:22]} 44. Re6+
{[%clk 01:00:09]} {[%emt 00:00:15]} Kf7 {[%clk 00:40:09]} {[%emt 00:00:46]} 45.
Rxd6 {[%clk 00:59:57]} {[%emt 00:00:46]} Ke7 {[%clk 00:40:32]} {[%emt
00:00:03]} 46. Rc6 {[%clk 01:00:10]} {[%emt 00:00:17]} Kd7 {[%clk 00:40:03]}
{[%emt 00:00:58]} 47. Rc2 {[%clk 00:59:15]} {[%emt 00:01:26]} Kd6 {[%clk
00:39:25]} {[%emt 00:01:08]} 48. Rc6+ {[%clk 00:57:11]} {[%emt 00:02:34]} Kd7
{[%clk 00:39:37]} {[%emt 00:00:18]} 49. Ke3 {[%clk 00:56:52]} {[%emt 00:00:48]}
Ra2 {[%clk 00:39:13]} {[%emt 00:00:55]} 50. Kf3 {[%clk 00:57:10]} {[%emt
00:00:12]} Ra3+ {[%clk 00:39:32]} {[%emt 00:00:12]} 51. Kg4 {[%clk 00:53:43]}
{[%emt 00:03:56]} Ra2 {[%clk 00:38:42]} {[%emt 00:01:20]} 52. Kh3 {[%clk
00:54:04]} {[%emt 00:00:08]} Ra3+ {[%clk 00:38:43]} {[%emt 00:00:29]} 53. g3
{[%clk 00:54:23]} {[%emt 00:00:11]} Re3 {[%clk 00:38:54]} {[%emt 00:00:19]} 54.
Re6 {[%clk 00:54:47]} {[%emt 00:00:06]} Rd3 {[%clk 00:37:50]} {[%emt 00:01:35]}
55. Kg4 {[%clk 00:55:05]} {[%emt 00:00:12]} Rd2 {[%clk 00:37:58]} {[%emt
00:00:22]} 56. h4 {[%clk 00:55:29]} {[%emt 00:00:06]} Rd3 {[%clk 00:36:54]}
{[%emt 00:01:34]} 57. Kf4 {[%clk 00:55:49]} {[%emt 00:00:09]} Rc3 {[%clk
00:35:37]} {[%emt 00:01:47]} 58. g4 {[%clk 00:56:07]} {[%emt 00:00:13]} Rd3
{[%clk 00:35:34]} {[%emt 00:00:33]} 59. h5 {[%clk 00:56:14]} {[%emt 00:00:23]}
Rd2 {[%clk 00:34:17]} {[%emt 00:01:47]} 60. h6 {[%clk 00:55:21]} {[%emt
00:01:23]} g6 {[%clk 00:33:38]} {[%emt 00:01:10]} 61. Kg5 {[%clk 00:55:25]}
{[%emt 00:00:26]} Rf2 {[%clk 00:33:26]} {[%emt 00:03:04]} 62. Rf6 {[%clk
00:55:40]} {[%emt 00:00:15]} Re2 {[%clk 00:33:01]} {[%emt 00:00:55]} 63. Rf7+
{[%clk 00:55:54]} {[%emt 00:00:15]} Kd6 {[%clk 00:33:00]} {[%emt 00:00:31]} 64.
Rxh7 {[%clk 00:56:13]} {[%emt 00:00:10]} Rxe4 {[%clk 00:33:22]} {[%emt
00:00:09]} 65. Rg7 {[%clk 00:56:26]} {[%emt 00:00:16]} Kxd5 {[%clk 00:32:09]}
{[%emt 00:01:43]} 66. h7 {[%clk 00:56:41]} {[%emt 00:00:14]} Re5 {[%clk
00:32:06]} {[%emt 00:00:35]} 67. Kh4 {[%clk 00:56:34]} {[%emt 00:00:36]} Re1
{[%clk 00:32:02]} {[%emt 00:00:34]} 68. Kg5 {[%clk 00:56:40]} {[%emt 00:00:24]}
Re5 {[%clk 00:32:17]} {[%emt 00:00:20]} 69. Kxg6 {[%clk 00:57:04]} {[%emt
00:00:01]} Re6+ {[%clk 00:32:40]} {[%emt 00:00:08]} 70. Kf7 {[%clk 00:56:58]}
{[%emt 00:00:34]} 1-0

[Event "DVM U14 2023"]
[Site "Magdeburg GER"]
[Date "2023.12.28"]
[Round "3"]
[White "Fischer, Quirin"]
[Black "Zhu, Timo Kaiheng"]
[Result "1-0"]
[Termination "normal"]
[Board "10.3"]
[WhiteElo "1383"]
[BlackElo "1463"]
[WhiteClock "01:28:17"]
[BlackClock "01:17:28"]
[WhiteTeam "SF Tegernheim"]
[BlackTeam "SC Viernheim 1934"]
[PlyCount "62"]
[WhiteFideId "34623787"]
[BlackFideId "34655670"]
[EventCountry "GER"]
[EventRounds "7"]
[EventType "team-swiss"]
[EventDate "2023.12.26"]

1. e4 {[%clk 01:30:58]} {[%emt 00:00:02]} c6 {[%clk 01:30:53]} {[%emt
00:00:07]} 2. d4 {[%clk 01:31:25]} {[%emt 00:00:03]} d5 {[%clk 01:31:18]}
{[%emt 00:00:04]} 3. exd5 {[%clk 01:31:53]} {[%emt 00:00:02]} cxd5 {[%clk
01:31:41]} {[%emt 00:00:07]} 4. c3 {[%clk 01:32:20]} {[%emt 00:00:04]} Nc6
{[%clk 01:32:05]} {[%emt 00:00:06]} 5. Nf3 {[%clk 01:32:46]} {[%emt 00:00:05]}
Nf6 {[%clk 01:32:08]} {[%emt 00:00:27]} 6. Bf4 {[%clk 01:33:09]} {[%emt
00:00:07]} Bg4 {[%clk 01:32:25]} {[%emt 00:00:12]} 7. Nbd2 {[%clk 01:33:22]}
{[%emt 00:00:18]} e6 {[%clk 01:32:45]} {[%emt 00:00:09]} 8. Bb5 {[%clk
01:33:43]} {[%emt 00:00:10]} Bd6 {[%clk 01:32:25]} {[%emt 00:00:50]} 9. Bxd6
{[%clk 01:34:03]} {[%emt 00:00:10]} Qxd6 {[%clk 01:32:45]} {[%emt 00:00:10]}
10. O-O {[%clk 01:34:13]} {[%emt 00:00:21]} O-O {[%clk 01:33:05]} {[%emt
00:00:09]} 11. h3 {[%clk 01:34:33]} {[%emt 00:00:11]} Bh5 {[%clk 01:33:18]}
{[%emt 00:00:17]} 12. Qc2 {[%clk 01:34:29]} {[%emt 00:00:33]} a6 {[%clk
01:33:06]} {[%emt 00:00:42]} 13. Bd3 {[%clk 01:34:09]} h6 {[%clk 01:31:43]}
{[%emt 00:02:45]} 14. Rfe1 {[%clk 01:34:03]} Qc7 {[%clk 01:30:48]} {[%emt
00:01:58]} 15. Rac1 {[%clk 01:33:17]} Rac8 {[%clk 01:30:55]} {[%emt 00:01:40]}
16. Ne5 {[%clk 01:33:18]} Nxe5 {[%clk 01:31:07]} {[%emt 00:00:47]} 17. dxe5
{[%clk 01:33:34]} Nd7 {[%clk 01:31:07]} 18. f4 {[%clk 01:33:34]} f5 {[%clk
01:31:07]} 19. Be2 {[%clk 01:33:34]} Bxe2 {[%clk 01:31:07]} 20. Rxe2 {[%clk
01:33:34]} b5 {[%clk 01:31:07]} 21. Nf3 {[%clk 01:33:34]} Rfe8 {[%clk
01:27:02]} {[%emt 00:10:10]} 22. a4 {[%clk 01:30:44]} Nc5 {[%clk 01:26:03]}
{[%emt 00:03:27]} 23. axb5 {[%clk 01:29:19]} axb5 {[%clk 01:26:21]} {[%emt
00:02:08]} 24. Nd4 {[%clk 01:29:44]} Qb6 {[%clk 01:26:23]} {[%emt 00:00:32]}
25. Kh2 {[%clk 01:29:11]} Ne4 {[%clk 01:26:26]} {[%emt 00:01:31]} 26. Qb3
{[%clk 01:28:17]} Rb8 {[%clk 01:26:26]} 27. Rd1 {[%clk 01:28:17]} Qc5 {[%clk
01:26:26]} 28. Rc2 {[%clk 01:28:17]} Kf7 {[%clk 01:26:26]} 29. Rd3 {[%clk
01:28:17]} Rec8 {[%clk 01:26:26]} 30. g3 {[%clk 01:28:17]} Qc4 {[%clk
01:26:26]} 31. Rd1 {[%clk 01:28:17]} Qc5 {[%clk 01:17:28]} {[%emt 00:20:22]}
1-0

[Event "DVM U14 2023"]
[Site "Magdeburg GER"]
[Date "2023.12.28"]
[Round "3"]
[White "Marschall, Julian"]
[Black "Luible, Antonia"]
[Result "1-0"]
[Termination "normal"]
[Board "10.4"]
[WhiteElo "1324"]
[BlackElo "1254"]
[WhiteClock "01:02:47"]
[BlackClock "00:09:50"]
[WhiteTeam "SC Viernheim 1934"]
[BlackTeam "SF Tegernheim"]
[PlyCount "107"]
[WhiteFideId "34608001"]
[BlackFideId "34681710"]
[EventCountry "GER"]
[EventRounds "7"]
[EventType "team-swiss"]
[EventDate "2023.12.26"]

1. c4 {[%clk 01:30:57]} {[%emt 00:00:03]} g6 {[%clk 01:30:51]} {[%emt
00:00:09]} 2. g3 {[%clk 01:31:11]} {[%emt 00:00:16]} Bg7 {[%clk 01:31:12]}
{[%emt 00:00:09]} 3. Bg2 {[%clk 01:31:26]} {[%emt 00:00:14]} Nf6 {[%clk
01:31:28]} {[%emt 00:00:14]} 4. Nc3 {[%clk 01:31:31]} {[%emt 00:00:26]} O-O
{[%clk 01:31:34]} {[%emt 00:00:24]} 5. e4 {[%clk 01:31:40]} {[%emt 00:00:20]}
e5 {[%clk 01:30:20]} {[%emt 00:01:44]} 6. Nge2 {[%clk 01:31:43]} {[%emt
00:00:28]} d6 {[%clk 01:28:52]} {[%emt 00:01:58]} 7. O-O {[%clk 01:31:26]}
{[%emt 00:00:47]} Be6 {[%clk 01:27:45]} {[%emt 00:01:36]} 8. d3 {[%clk
01:31:33]} {[%emt 00:00:23]} Nc6 {[%clk 01:26:31]} {[%emt 00:01:44]} 9. Be3
{[%clk 01:30:01]} {[%emt 00:02:01]} a6 {[%clk 01:24:36]} {[%emt 00:02:27]} 10.
Nd5 {[%clk 01:28:48]} {[%emt 00:01:43]} Ne7 {[%clk 01:17:45]} {[%emt 00:07:21]}
11. Nec3 {[%clk 01:24:02]} {[%emt 00:05:16]} Nexd5 {[%clk 01:16:03]} {[%emt
00:02:13]} 12. cxd5 {[%clk 01:23:02]} {[%emt 00:01:29]} Bd7 {[%clk 01:13:50]}
{[%emt 00:02:43]} 13. Qb3 {[%clk 01:21:18]} {[%emt 00:02:15]} b5 {[%clk
01:06:06]} {[%emt 00:08:13]} 14. a4 {[%clk 01:19:35]} {[%emt 00:02:13]} Qb8
{[%clk 00:59:36]} {[%emt 00:06:59]} 15. axb5 {[%clk 01:18:20]} {[%emt
00:01:46]} Bxb5 {[%clk 00:58:39]} {[%emt 00:01:27]} 16. Nxb5 {[%clk 01:18:23]}
{[%emt 00:00:26]} Qxb5 {[%clk 00:58:43]} {[%emt 00:00:27]} 17. Qxb5 {[%clk
01:17:47]} {[%emt 00:01:07]} axb5 {[%clk 00:59:03]} {[%emt 00:00:10]} 18. Rxa8
{[%clk 01:17:49]} {[%emt 00:00:27]} Rxa8 {[%clk 00:59:22]} {[%emt 00:00:11]}
19. Rc1 {[%clk 01:17:21]} {[%emt 00:00:58]} Ne8 {[%clk 00:57:04]} {[%emt
00:02:47]} 20. Bh3 {[%clk 01:14:15]} {[%emt 00:03:37]} Ra2 {[%clk 00:48:52]}
{[%emt 00:08:43]} 21. Rc2 {[%clk 01:14:09]} {[%emt 00:00:35]} Ra1+ {[%clk
00:44:35]} {[%emt 00:04:47]} 22. Kg2 {[%clk 01:13:32]} {[%emt 00:01:07]} Ra8
{[%clk 00:40:36]} {[%emt 00:04:29]} 23. Bd7 {[%clk 01:12:11]} {[%emt 00:01:51]}
b4 {[%clk 00:36:10]} {[%emt 00:04:57]} 24. Bxe8 {[%clk 01:10:59]} {[%emt
00:01:41]} Rxe8 {[%clk 00:36:25]} {[%emt 00:00:15]} 25. Rxc7 {[%clk 01:11:09]}
{[%emt 00:00:21]} Rb8 {[%clk 00:35:21]} {[%emt 00:01:34]} 26. b3 {[%clk
01:10:53]} {[%emt 00:00:46]} Bf8 {[%clk 00:34:43]} {[%emt 00:01:07]} 27. Bd2
{[%clk 01:10:09]} {[%emt 00:01:14]} Bg7 {[%clk 00:25:36]} {[%emt 00:09:38]} 28.
Rc4 {[%clk 01:09:55]} {[%emt 00:00:43]} Kf8 {[%clk 00:25:48]} {[%emt 00:00:18]}
29. Rxb4 {[%clk 01:09:58]} {[%emt 00:00:28]} Rxb4 {[%clk 00:25:45]} {[%emt
00:00:33]} 30. Bxb4 {[%clk 01:10:13]} {[%emt 00:00:14]} Ke7 {[%clk 00:26:03]}
{[%emt 00:00:12]} 31. Kf3 {[%clk 01:09:27]} {[%emt 00:01:16]} Kd7 {[%clk
00:25:19]} {[%emt 00:01:14]} 32. Ke2 {[%clk 01:08:29]} {[%emt 00:01:28]} Bf8
{[%clk 00:23:49]} {[%emt 00:01:59]} 33. Kd2 {[%clk 01:08:22]} {[%emt 00:00:37]}
Kc7 {[%clk 00:23:56]} {[%emt 00:00:23]} 34. Kc3 {[%clk 01:08:00]} {[%emt
00:00:51]} Kb6 {[%clk 00:23:35]} {[%emt 00:00:51]} 35. Kc4 {[%clk 01:06:42]}
{[%emt 00:01:48]} Be7 {[%clk 00:21:12]} {[%emt 00:02:52]} 36. Bc3 {[%clk
01:06:42]} {[%emt 00:00:30]} f6 {[%clk 00:18:13]} {[%emt 00:03:29]} 37. d4
{[%clk 01:06:32]} {[%emt 00:00:40]} Ka6 {[%clk 00:16:23]} {[%emt 00:02:19]} 38.
dxe5 {[%clk 01:05:36]} {[%emt 00:01:27]} fxe5 {[%clk 00:16:35]} {[%emt
00:00:18]} 39. f4 {[%clk 01:05:38]} {[%emt 00:00:29]} Bf6 {[%clk 00:13:10]}
{[%emt 00:03:54]} 40. fxe5 {[%clk 01:05:17]} {[%emt 00:00:51]} dxe5 {[%clk
00:12:36]} {[%emt 00:01:05]} 41. d6 {[%clk 01:05:20]} {[%emt 00:00:26]} Kb6
{[%clk 00:12:15]} {[%emt 00:00:51]} 42. Kd5 {[%clk 01:05:20]} {[%emt 00:00:29]}
Kb7 {[%clk 00:10:09]} {[%emt 00:02:36]} 43. Bxe5 {[%clk 01:05:27]} {[%emt
00:00:23]} Bd8 {[%clk 00:09:54]} {[%emt 00:00:46]} 44. d7 {[%clk 01:04:31]}
{[%emt 00:01:28]} h6 {[%clk 00:09:45]} {[%emt 00:00:37]} 45. Bd6 {[%clk
01:04:07]} {[%emt 00:00:53]} h5 {[%clk 00:09:29]} {[%emt 00:00:46]} 46. e5
{[%clk 01:04:18]} {[%emt 00:00:19]} g5 {[%clk 00:09:01]} {[%emt 00:00:57]} 47.
e6 {[%clk 01:04:19]} {[%emt 00:00:29]} h4 {[%clk 00:08:42]} {[%emt 00:00:50]}
48. e7 {[%clk 01:03:56]} {[%emt 00:00:53]} Bxe7 {[%clk 00:08:46]} {[%emt
00:00:26]} 49. Bxe7 {[%clk 01:04:16]} {[%emt 00:00:10]} hxg3 {[%clk 00:08:59]}
{[%emt 00:00:17]} 50. hxg3 {[%clk 01:04:31]} {[%emt 00:00:15]} g4 {[%clk
00:09:14]} {[%emt 00:00:15]} 51. d8=Q {[%clk 01:03:34]} {[%emt 00:00:52]} Ka6
{[%clk 00:09:27]} {[%emt 00:00:51]} 52. Qb8 {[%clk 01:02:53]} {[%emt 00:01:11]}
Ka5 {[%clk 00:09:39]} {[%emt 00:00:18]} 53. Bd8+ {[%clk 01:02:47]} {[%emt
00:00:36]} Ka6 {[%clk 00:09:50]} {[%emt 00:00:20]} 54. Qb6# {[%emt 00:00:20]}
1-0

[Event "DVM U14 2023"]
[Site "Magdeburg GER"]
[Date "2023.12.29"]
[Round "6"]
[White "Sommer, Justus"]
[Black "Fruth, David"]
[Result "1-0"]
[Termination "normal"]
[Board "1.1"]
[WhiteElo "2108"]
[BlackElo "1881"]
[WhiteClock "00:44:36"]
[BlackClock "00:55:44"]
[WhiteTeam "Lübecker SV 1873"]
[BlackTeam "USV TU Dresden"]
[PlyCount "51"]
[WhiteFideId "16245008"]
[BlackFideId "16257596"]
[EventCountry "GER"]
[EventRounds "7"]
[EventType "team-swiss"]
[EventDate "2023.12.26"]

1. e4 {[%clk 01:30:55]} {[%emt 00:00:03]} c5 {[%clk 01:30:58]} {[%emt
00:00:05]} 2. Nf3 {[%clk 01:31:12]} {[%emt 00:00:11]} g6 {[%clk 01:31:26]}
{[%emt 00:00:03]} 3. c3 {[%clk 01:31:24]} {[%emt 00:00:16]} d5 {[%clk
01:31:29]} {[%emt 00:00:29]} 4. exd5 {[%clk 01:30:46]} {[%emt 00:01:08]} Qxd5
{[%clk 01:31:56]} {[%emt 00:00:03]} 5. Na3 {[%clk 01:30:46]} {[%emt 00:00:29]}
Bg7 {[%clk 01:32:15]} {[%emt 00:00:12]} 6. d4 {[%clk 01:29:13]} {[%emt
00:02:02]} cxd4 {[%clk 01:32:18]} {[%emt 00:00:28]} 7. Nb5 {[%clk 01:29:01]}
{[%emt 00:00:41]} Na6 {[%clk 01:31:38]} {[%emt 00:01:11]} 8. Nbxd4 {[%clk
01:27:14]} {[%emt 00:02:17]} Nc7 {[%clk 01:28:16]} {[%emt 00:03:51]} 9. Bf4
{[%clk 01:19:07]} {[%emt 00:08:37]} Ne6 {[%clk 01:17:04]} {[%emt 00:11:43]} 10.
Nxe6 {[%clk 01:13:53]} {[%emt 00:05:42]} Qxe6+ {[%clk 01:14:44]} {[%emt
00:02:52]} 11. Be2 {[%clk 01:13:45]} {[%emt 00:00:37]} Nh6 {[%clk 01:13:54]}
{[%emt 00:01:21]} 12. O-O {[%clk 01:13:34]} {[%emt 00:00:39]} O-O {[%clk
01:14:11]} {[%emt 00:00:15]} 13. Re1 {[%clk 01:07:55]} {[%emt 00:06:08]} Nf5
{[%clk 01:09:19]} {[%emt 00:05:23]} 14. Bd3 {[%clk 01:06:03]} {[%emt 00:02:21]}
Qb6 {[%clk 01:09:22]} {[%emt 00:00:27]} 15. Qb3 {[%clk 01:04:48]} {[%emt
00:01:45]} Qxb3 {[%clk 01:04:38]} {[%emt 00:05:15]} 16. axb3 {[%clk 01:05:10]}
{[%emt 00:00:06]} e6 {[%clk 01:04:41]} {[%emt 00:00:28]} 17. h3 {[%clk
00:58:25]} {[%emt 00:07:15]} Ne7 {[%clk 00:59:25]} {[%emt 00:05:47]} 18. Be3
{[%clk 00:55:29]} {[%emt 00:03:25]} a6 {[%clk 00:58:22]} {[%emt 00:01:34]} 19.
Bc5 {[%clk 00:52:56]} {[%emt 00:03:01]} Re8 {[%clk 00:57:00]} {[%emt 00:01:54]}
20. Bb5 {[%clk 00:51:56]} {[%emt 00:01:29]} Nc6 {[%clk 00:57:09]} {[%emt
00:00:22]} 21. Bxc6 {[%clk 00:51:50]} {[%emt 00:00:36]} bxc6 {[%clk 00:57:37]}
{[%emt 00:00:02]} 22. Red1 {[%clk 00:49:35]} {[%emt 00:02:44]} Rb8 {[%clk
00:57:01]} {[%emt 00:01:07]} 23. b4 {[%clk 00:49:37]} {[%emt 00:00:27]} Bb7
{[%clk 00:57:22]} {[%emt 00:00:09]} 24. Rd7 {[%clk 00:47:35]} {[%emt 00:02:31]}
Red8 {[%clk 00:55:29]} {[%emt 00:02:24]} 25. Rad1 {[%clk 00:47:32]} {[%emt
00:00:32]} Bf6 {[%clk 00:55:44]} {[%emt 00:00:16]} 26. Ne5 {[%clk 00:44:36]}
{[%emt 00:03:23]} 1-0